| 000 | 01821nam a2200313 a 4500 | ||
|---|---|---|---|
| 001 | BRCA_3321 | ||
| 005 | 20190320204225.0 | ||
| 008 | 240309s1879----enka---###---#000-0#eng-# | ||
| 041 | _aeng | ||
| 044 | _aenk | ||
| 084 |
_a615 _b.P38 _c1879 |
||
| 100 | 1 |
_aCervantes Saavedra, Miguel de _d1547-1616 _9213 |
|
| 245 | 1 | 0 |
_aThe History of the Ingenious Gentleman Don Quixote of La Mancha _cTranslated from the Spanish by P. A. Motteux. |
| 260 |
_aEdinburgo _bWilliam Paterson _c1879-1884 |
||
| 300 |
_a4 v. _bil. _c26 cm. |
||
| 500 | _aContenido : v.1. Primera parte. Advertencia del editor. Vida de Cervantes por Lockhart. Prólogo del autor. 1879. -- v.2. Primera parte. Notas. 1880. -- v.3. Segunda parte. Prólogo del autor. 1882. -- v.4. Segunda parte. Notas. 1884 | ||
| 500 | _aReproducción de la traducción de Motteux con las copiosas notas y un ensayo sobre la vida y obra de Cervantes por J. G. Lockhart. Las notas y el ensayo son interesantes. Bellisima edidión, primorosamente impresa en excelente papel. Va adornada con aguafuertes del celebre artista francés A. Lalauze los cuales son notables desde el punto de vista técnico, pero dejan mucho que desear en cuanto a la indumentaria, más francesa que española. Tela; lomos y planos decorados con asuntos quijotiles dorados Lúdovik Osterc | ||
| 500 | _aQM479 | ||
| 546 | _aTexto en : inglés | ||
| 650 | 1 | 4 |
_aNovela española _yÉpoca clásica, 1500-1700 _9215 |
| 650 | 1 | 4 |
_aLiteratura española _yÉpoca clásica, 1500-1700 _9216 |
| 650 | 1 | 4 |
_aNovela española _ySiglo XVII _9217 |
| 650 | 1 | 4 |
_aDon Quijote (Personaje ficticio) _eNovela _9218 |
| 700 | 1 |
_aMotteux, Peter Anthony _d1663-1718 _eTraductor _98778 |
|
| 700 | 1 |
_aLalauze, A. _eIlustrador _98779 |
|
| 740 | 0 | _aEl Ingenioso Hidalgo Don Quijote de la Mancha | |
| 902 | _aQFM | ||
| 942 |
_2lcc _cB |
||
| 999 |
_c3057 _d3057 |
||